• 首页
  • 本馆介绍
  • 公告通知
  • 最新文献
  • 馆藏检索
  • 电子资源
  • 读者导购
  • 参考咨询
  • 我的图书馆
  • 登录
  • 详细信息显示
  • 放入我的书架
  • 预约/预借图书
  • 作者相关作品
  • 分类相关作品
  • 丛书相关作品
  • 出版社相关作品

书目信息

  • 表格格式
  • 工作单格式
  • 卡片格式
题名:
彩色图解中央空调安装、维修技能速成
    
 
作者: 韩雪涛 主编 ;数码维修工程师鉴定指导中心 组织编写
分册:  
出版信息: 北京   化学工业出版社  2018
页数: 230页
开本: 26cm
丛书名: 电子产品维修技能速成丛书
单 册:
中图分类: TB657.2-64
科图分类:
主题词: 集中式空气调节器--ji zhong shi kong qi tiao jie qi--安装--图解 , 集中式空气调节器--ji zhong shi kong qi tiao jie qi--维修--图解
电子资源:
ISBN: 978-7-122-29459-3
000 01580nam 2200301 450
001 012001003846
005 20131106091729.0
010    @a978-7-122-29459-3@dCNY68.00
099    @aCAL 012018082452
100    @a20180408d2018 em y0chiy50 ea
101 0  @achi
102    @aCN@b110000
105    @aa z 000yy
106    @ar
200 1  @a彩色图解中央空调安装、维修技能速成@Acai se tu jie zhong yang kong tiao an zhuang 、 wei xiu ji neng su cheng@f数码维修工程师鉴定指导中心组织编写@g韩雪涛主编
210    @a北京@c化学工业出版社@d2018
215    @a230页@c彩图@d26cm
225 2  @a电子产品维修技能速成丛书@Adian zi chan pin wei xiu ji neng su cheng cong shu
330    @a本书内容包括:空调的基础知识、空调的安装维修基础、风冷式空调的安装技能、水冷式空调的安装技能、多联式空调的安装技能、 空调的故障特点和检修分析、空调管路系统的维修技能、空调电路系统的维修技能等。本书内容实用、资料新颖全面,包含了大量的实用维修数据和维修案例,这些内容的安排,使读者能够身临其境般地感受到现场的实际维修,容易理解并掌握维修技能。
410  0 @12001 @a电子产品维修技能速成丛书
517 1  @a中央空调安装维修技能速成@Azhong yang kong tiao an zhuang wei xiu ji neng su cheng
606 0  @a集中式空气调节器@Aji zhong shi kong qi tiao jie qi@x安装@j图解
606 0  @a集中式空气调节器@Aji zhong shi kong qi tiao jie qi@x维修@j图解
690    @aTB657.2-64@v5
701  0 @a韩雪涛@Ahan xue tao@4主编
712 02 @a数码维修工程师鉴定指导中心@Ashu ma wei xiu gong cheng shi jian ding zhi dao zhong xin@4组织编写
801  2 @aCN@b上海新华@c20191020
905    @b1206859-62@dTB657.2-64@e552@f4
    
    彩色图解中央空调安装、维修技能速成/数码维修工程师鉴定指导中心组织编写/韩雪涛主编.-北京:化学工业出版社,2018
    230页:彩图;26cm.-(电子产品维修技能速成丛书)
    
    
    ISBN 978-7-122-29459-3:CNY68.00
    本书内容包括:空调的基础知识、空调的安装维修基础、风冷式空调的安装技能、水冷式空调的安装技能、多联式空调的安装技能、 空调的故障特点和检修分析、空调管路系统的维修技能、空调电路系统的维修技能等。本书内容实用、资料新颖全面,包含了大量的实用维修数据和维修案例,这些内容的安排,使读者能够身临其境般地感受到现场的实际维修,容易理解并掌握维修技能。
●
相关链接 在E读中查询图书 在五车中查询图书 在当当中查询图书 在豆瓣中查询图书


正题名:彩色图解中央空调安装、维修技能速成     索取号:TB657.2-64/552         预约/预借

序号 登录号 条形码 馆藏地/架位号 状态 备注
1 1206859   212068590   第二样本阅览室/ [索取号:TB657.2-64/552] 在馆    
2 1206860   212068607   第三借阅区/ [索取号:TB657.2-64/552] 在馆    
3 1206861   212068616   第三借阅区/ [索取号:TB657.2-64/552] 在馆    
4 1206862   212068625   第三借阅区/ [索取号:TB657.2-64/552] 在馆    
唐山师范学院图书馆 欢迎您!
大连网信软件有限公司© 版权所有